000 00484nam a2200133Ia 4500
008 100328s9999 xx 000 0 und d
082 _b51907
100 _aताम्हनकर रसिका
245 _aअध्यात्म ज्ञानामृत
260 _bश्रीार कुटी ट्रस्ट
630 _aअध्यात्म ज्ञानामृत
730 _aअध्यात्म ज्ञानामृत
942 _cBOOK
999 _c538802
_d538799